Normal view
MARC view
- Fenwick, Helen
Entry Personal Name
001 - CONTROL NUMBER
- control field: 3273
003 - CONTROL NUMBER IDENTIFIER
- control field: OSt
005 - DATE AND TIME OF LATEST TRANSACTION
- control field: 20170511103122.0
008 - FIXED-LENGTH DATA ELEMENTS
- fixed length control field: 170511|| aca||aabn | a|a d
040 ## - CATALOGING SOURCE
- Original cataloging agency: OSt
- Transcribing agency: OSt
100 ## - HEADING--PERSONAL NAME
- Personal name: Fenwick, Helen
670 ## - SOURCE DATA FOUND
- Source citation: Work cat.: (OSt)0: Fenwick, Helen, Civil liberties /, 1993

PORTAL AKMAL
E-MEL JKDM
AKMAL2U
G-BAM
u-PUSTAKA